00285nam a2200109Ia 4500008004100000100001700041245005000058260003600108300000900144942000700153999001500160190216s9999||||xx |||||||||||||| ||und|| aChaudhuri Bk 0aFinance Of Foreign Trade And Foreign Exchange bHimalaya Publishing Housec1999 a496p cBK c6167d6167